[Event "2011-Erandio"]
[Site "Erandio"]
[Date "2011.12.17"]
[Round "1.1"]
[White "Meneses Arenas, Mikel"]
[Black "Gomez Esteban, Juan Mario"]
[Result "0-1"]
[WhiteElo "1803"]
[BlackElo "2488"]
[PlyCount "56"]
[EventDate "2011.12.17"]

1. e4 c5 2. b4 cxb4 3. d4 d5 4. e5 Nc6 5. a3 Qb6 6. axb4 Qxd4 7. Qxd4 Nxd4 8.
Bd3 e6 9. Bd2 Bd7 10. f4 Nh6 11. Ne2 Nhf5 12. O-O a6 13. Nxd4 Nxd4 14. Be3 Nb5
15. c3 Rc8 16. Rc1 Be7 17. g4 f6 18. Bxb5 Bxb5 19. exf6 gxf6 20. Nd2 Rg8 21.
Nf3 Rxg4+ 22. Kf2 Kf7 23. Rc2 Rcg8 24. Rg1 Rxg1 25. Nxg1 e5 26. fxe5 fxe5 27.
Nf3 e4 28. Nd4 Bh4# 0-1

[Event "2011-Erandio"]
[Site "Erandio"]
[Date "2011.12.17"]
[Round "1.3"]
[White "Barrio Ugidos, Ibon"]
[Black "Galzagorri Uli, Yeray"]
[Result "0-1"]
[WhiteElo "1796"]
[BlackElo "2236"]
[PlyCount "76"]
[EventDate "2011.12.17"]

1. e4 c5 2. Nf3 e6 3. d4 cxd4 4. Nxd4 a6 5. c4 Nf6 6. Nc3 Bb4 7. Qd3 Nc6 8.
Nxc6 dxc6 9. Qxd8+ Kxd8 10. f3 e5 11. Be3 Kc7 12. a3 Bxc3+ 13. bxc3 b6 14. c5
b5 15. Be2 Be6 16. O-O a5 17. Rfb1 Bc4 18. Kf2 Nd7 19. a4 Rab8 20. axb5 cxb5
21. Bxc4 bxc4 22. Rxb8 Nxb8 23. Ra4 Kc6 24. f4 exf4 25. Bxf4 Kb5 26. Ra2 Nd7
27. Rb2+ Kc6 28. Rd2 Nxc5 29. Rd6+ Kb5 30. Rd5 a4 31. Bd6 Rc8 32. Bxc5 Rxc5 33.
Rd8 Rc6 34. Ke3 a3 35. Rd1 Ka4 36. e5 a2 37. Kd2 Kb3 38. Rc1 Ra6 0-1

[Event "2011-Erandio"]
[Site "Erandio"]
[Date "2011.12.17"]
[Round "1.5"]
[White "Rodriguez Cordero, Jose Manuel"]
[Black "Trigo Urquijo, Sergio"]
[Result "0-1"]
[WhiteElo "1754"]
[BlackElo "2230"]
[PlyCount "38"]
[EventDate "2011.12.17"]

1. e4 c5 2. Nf3 d6 3. d4 cxd4 4. Nxd4 Nf6 5. Nc3 a6 6. f4 Nbd7 7. Nf3 Qc7 8.
Bd3 g6 9. O-O Bg7 10. Qe1 e6 11. Kh1 O-O 12. Qh4 b5 13. e5 dxe5 14. fxe5 Nxe5
15. Ng5 h5 16. Nce4 Nxe4 17. Bxe4 Bb7 18. Bf4 Qd7 19. Qg3 Nc4 0-1

[Event "2011-Erandio"]
[Site "Erandio"]
[Date "2011.12.17"]
[Round "1.6"]
[White "Limeres Guiance, Cristobal"]
[Black "Francisco Etxebarria, Jon Andoi"]
[Result "1-0"]
[WhiteElo "2225"]
[BlackElo "1747"]
[PlyCount "45"]
[EventDate "2011.12.17"]

1. d4 Nf6 2. c4 e6 3. Nc3 Bb4 4. e3 b6 5. Nge2 Ne4 6. Qc2 Bb7 7. a3 Bxc3+ 8.
Nxc3 f5 9. d5 exd5 10. Nxd5 O-O 11. Bd3 Nf6 12. Bxf5 h6 13. e4 d6 14. O-O Nbd7
15. b4 Ne5 16. Bb2 Bc8 17. Bxc8 Rxc8 18. Nxf6+ gxf6 19. f4 Ng4 20. Qe2 f5 21.
exf5 Qh4 22. Qe6+ Kh7 23. Qg6# 1-0

[Event "2011-Erandio"]
[Site "Erandio"]
[Date "2011.12.17"]
[Round "1.7"]
[White "Valverde Urbano, Alejandro"]
[Black "Diez Fraile, David"]
[Result "0-1"]
[WhiteElo "1740"]
[BlackElo "2184"]
[PlyCount "54"]
[EventDate "2011.12.17"]

1. e4 c5 2. Nf3 d6 3. Bc4 Nf6 4. O-O Nc6 5. d3 e6 6. a3 Be7 7. Nc3 O-O 8. d4
cxd4 9. Nxd4 Bd7 10. Re1 a6 11. Nf3 b5 12. Bd3 Qc7 13. e5 Nxe5 14. Nxe5 dxe5
15. Bg5 Bc6 16. Bxf6 Bxf6 17. Ne4 Bxe4 18. Bxe4 Rad8 19. Qh5 g6 20. Qe2 Bg7 21.
c3 Rd6 22. Rad1 Rfd8 23. h4 Bh6 24. h5 Rd2 25. Qf3 f5 26. hxg6 fxe4 27. gxh7+
Kh8 0-1

[Event "2011-Erandio"]
[Site "Erandio"]
[Date "2011.12.17"]
[Round "1.8"]
[White "Arias Garcia, Luis Javier"]
[Black "Rodriguez Vazquez, Feliciano"]
[Result "1-0"]
[WhiteElo "2167"]
[BlackElo "1729"]
[PlyCount "63"]
[EventDate "2011.12.17"]

1. g3 d5 2. Bg2 Nf6 3. Nf3 c5 4. O-O Nc6 5. d3 e5 6. Nbd2 Bd6 7. e4 d4 8. Ne1
Ng4 9. h3 Nf6 10. f4 exf4 11. gxf4 Bb8 12. Qf3 Be6 13. e5 Bd5 14. Ne4 Nxe4 15.
dxe4 Bc4 16. Nd3 Nb4 17. Rf2 a5 18. Nxc5 Nxa2 19. Nxb7 Qb6 20. Nd6+ Bxd6 21.
exd6 Nxc1 22. d7+ Kxd7 23. Rxc1 Qxb2 24. Rd1 Ke7 25. Qh5 Qb6 26. Qe5+ Qe6 27.
Qc7+ Ke8 28. Rxd4 Rc8 29. Qxa5 Ke7 30. Rfd2 Rhe8 31. Qb4+ Kf6 32. Rd6 1-0

[Event "2011-Erandio"]
[Site "Erandio"]
[Date "2011.12.17"]
[Round "1.10"]
[White "Garrido Legarreta, Jose Javier"]
[Black "Llano Olabarrieta, Joseba"]
[Result "1-0"]
[WhiteElo "2060"]
[BlackElo "1708"]
[PlyCount "65"]
[EventDate "2011.12.17"]

1. e4 c5 2. Nf3 e6 3. d4 cxd4 4. Nxd4 a6 5. Nc3 Qc7 6. g3 Bb4 7. Nde2 Nf6 8.
Bg2 O-O 9. O-O Be7 10. Bf4 d6 11. Qd2 Rd8 12. a4 Nc6 13. h3 Rb8 14. b3 b5 15.
axb5 axb5 16. g4 b4 17. Nd1 e5 18. Bg3 Be6 19. Ne3 Rb5 20. f4 d5 21. fxe5 Nxe5
22. Nd4 Rc5 23. exd5 Bxd5 24. Bxd5 Nxd5 25. Nc4 Bd6 26. Nxd6 Qxd6 27. Nf5 Qf6
28. Ra7 Rc3 29. Ne7+ Qxe7 30. Rxe7 Rxg3+ 31. Kh2 Nf3+ 32. Rxf3 Rxf3 33. Qxd5
1-0

[Event "2011-Erandio"]
[Site "Erandio"]
[Date "2011.12.17"]
[Round "2.1"]
[White "Gomez Esteban, Juan Mario"]
[Black "Torres Garcia, Koldo"]
[Result "1-0"]
[WhiteElo "2488"]
[BlackElo "2024"]
[PlyCount "53"]
[EventDate "2011.12.17"]

1. d4 d5 2. c4 e6 3. Nc3 c6 4. e3 Nf6 5. Nf3 Be7 6. Bd3 dxc4 7. Bxc4 b5 8. Bd3
Bb7 9. e4 Nbd7 10. e5 Nd5 11. Nxd5 cxd5 12. h4 Qb6 13. Be3 a5 14. Ng5 Bb4+ 15.
Kf1 f5 16. exf6 Nxf6 17. Bxh7 O-O-O 18. Bd3 Rdf8 19. Kg1 e5 20. dxe5 d4 21.
Bxd4 Qd8 22. exf6 gxf6 23. Ne6 Qd5 24. Nf4 Qd6 25. Be3 Kb8 26. Be2 Qe7 27. Qd4
1-0

[Event "2011-Erandio"]
[Site "Erandio"]
[Date "2011.12.17"]
[Round "2.2"]
[White "Galzagorri Uli, Yeray"]
[Black "Gallastegi De La Fuente, Igor"]
[Result "1-0"]
[WhiteElo "2236"]
[BlackElo "1924"]
[PlyCount "85"]
[EventDate "2011.12.17"]

1. c4 Nf6 2. Nf3 g6 3. Nc3 Bg7 4. e4 d6 5. d4 O-O 6. Be2 e5 7. d5 a5 8. Bg5 Na6
9. Nd2 Qe8 10. O-O Kh8 11. a3 Bd7 12. b3 Ng8 13. Rb1 Nc5 14. Qc2 f5 15. f3 Bh6
16. Bxh6 Nxh6 17. b4 axb4 18. axb4 Na4 19. Nd1 Qe7 20. Nf2 Qg5 21. Rb3 Rfc8 22.
Rd1 c5 23. dxc6 Bxc6 24. c5 dxc5 25. b5 Be8 26. Nc4 Nf7 27. exf5 gxf5 28. Bd3
Rd8 29. Re1 e4 30. fxe4 f4 31. e5 f3 32. Ne4 Qh4 33. g3 Qh3 34. Ned6 Ng5 35.
Bf5 Qh6 36. h4 Ne6 37. Bxe6 Qxe6 38. Rxf3 Bg6 39. Qf2 Rd7 40. Rf6 Qg8 41. e6
Rg7 42. e7 Bh5 43. Rf8 1-0

[Event "2011-Erandio"]
[Site "Erandio"]
[Date "2011.12.17"]
[Round "2.3"]
[White "Perez Palma, Jesus Maria"]
[Black "Prieto Aranguren, Alain"]
[Result "0-1"]
[WhiteElo "2010"]
[BlackElo "2234"]
[PlyCount "86"]
[EventDate "2011.12.17"]

1. Nf3 Nf6 2. g3 g6 3. Bg2 Bg7 4. O-O O-O 5. d4 d6 6. c4 Nbd7 7. Nc3 e5 8. e4
c6 9. dxe5 dxe5 10. Qd6 Re8 11. Bg5 h6 12. Bxf6 Bxf6 13. Rad1 Kg7 14. Rd2 Be7
15. Qd3 Qc7 16. Rfd1 Nc5 17. Qc2 Ne6 18. b3 Bc5 19. Na4 Bb4 20. Rd3 Nc5 21.
Nxc5 Bxc5 22. Qc3 a5 23. h3 Qe7 24. a4 f6 25. g4 Qc7 26. Qd2 Be6 27. Ne1 Bb4
28. Qe3 Red8 29. Nc2 Be7 30. Bf1 Rxd3 31. Rxd3 b6 32. Be2 Bc5 33. Qd2 Qe7 34.
Kg2 Rb8 35. Qc3 Rb7 36. Bf3 Rd7 37. Qd2 Rxd3 38. Qxd3 Qd7 39. Be2 Qxd3 40. Bxd3
Kf7 41. Kg3 Ke7 42. f4 exf4+ 43. Kxf4 {...} 43... Bd6+ 0-1

[Event "2011-Erandio"]
[Site "Erandio"]
[Date "2011.12.17"]
[Round "2.4"]
[White "Trigo Urquijo, Sergio"]
[Black "Ruiz Abad, Juan Manuel"]
[Result "1-0"]
[WhiteElo "2230"]
[BlackElo "1876"]
[PlyCount "61"]
[EventDate "2011.12.17"]

1. d4 Nf6 2. c4 c5 3. d5 b5 4. cxb5 a6 5. e3 Bb7 6. Nc3 axb5 7. Bxb5 Qa5 8.
Nge2 Nxd5 9. O-O Nc7 10. Bc4 e6 11. e4 Be7 12. Bf4 O-O 13. Bd6 Bxd6 14. Qxd6
Rd8 15. Rad1 Ne8 16. Qg3 d6 17. f4 Nc6 18. a4 Qb4 19. Ba2 Nd4 20. f5 Nxe2+ 21.
Nxe2 e5 22. f6 g6 23. Nc3 c4 24. Rf3 Rxa4 25. Qh4 Ra6 26. Rdf1 Bc8 27. Nd5 Qc5+
28. Kh1 h5 29. Bb1 Ra1 30. h3 Kh7 31. g4 1-0

[Event "2011-Erandio"]
[Site "Erandio"]
[Date "2011.12.17"]
[Round "2.5"]
[White "Villanueva Arguinberri, Bruno"]
[Black "Limeres Guiance, Cristobal"]
[Result "0-1"]
[WhiteElo "1914"]
[BlackElo "2225"]
[PlyCount "34"]
[EventDate "2011.12.17"]

1. d4 e6 2. c4 Bb4+ 3. Nd2 f5 4. a3 Bxd2+ 5. Bxd2 Nf6 6. Nf3 b6 7. g3 Bb7 8.
Bg2 O-O 9. O-O Qe8 10. b4 d6 11. Qb3 Nbd7 12. Rac1 Ne4 13. Rfd1 Qh5 14. Bc3
Ndf6 15. c5 Bd5 16. Qb2 f4 17. Bd2 Ng4 {Ring} 0-1

[Event "2011-Erandio"]
[Site "Erandio"]
[Date "2011.12.17"]
[Round "2.7"]
[White "Cuero Reid, Maximo Javier"]
[Black "Arias Garcia, Luis Javier"]
[Result "0-1"]
[WhiteElo "1903"]
[BlackElo "2167"]
[PlyCount "102"]
[EventDate "2011.12.17"]

1. e4 e6 2. Nf3 d5 3. Bd3 c5 4. b3 Nf6 5. Nc3 Nc6 6. O-O Be7 7. Re1 a6 8. exd5
exd5 9. Bb2 Bg4 10. Be2 O-O 11. h3 Bh5 12. Nh4 d4 13. Nb1 Bxe2 14. Qxe2 Nd5 15.
Nf5 Bf6 16. Qf3 Rc8 17. Na3 b5 18. Rad1 Ndb4 19. Qg3 g6 20. c4 Kh8 21. cxb5
axb5 22. Nh6 Bg5 23. Ng4 h5 24. Ne5 Nxe5 25. Rxe5 Bh4 26. Qf3 Qf6 27. Qe2 Bxf2+
28. Kh1 Bg3 29. Re3 Bb8 30. Nxb5 Qf4 31. g3 Qf5 32. g4 Qd5+ 33. Kg1 Kg8 34. Re4
Qg5 35. Rf1 Nd5 36. a4 Nf6 37. Rxf6 Qxf6 38. gxh5 Qg5+ 39. Rg4 Qxh5 40. Qf3
Rfe8 41. Nxd4 cxd4 42. Bxd4 Be5 43. Be3 Bg7 44. b4 Rc1+ 45. Kg2 Qe5 46. b5 Qa1
47. Bf2 Be5 48. Qd5 Kg7 49. Re4 Rf1 50. Be3 Rf5 51. Qc4 Qd1 0-1

[Event "2011-Erandio"]
[Site "Erandio"]
[Date "2011.12.17"]
[Round "2.8"]
[White "Wu Martin, Eneko"]
[Black "Bergara Ede, Josu"]
[Result "1-0"]
[WhiteElo "2104"]
[BlackElo "1797"]
[PlyCount "46"]
[EventDate "2011.12.17"]

1. e4 c5 2. d4 cxd4 3. f4 Nf6 4. Bd3 d6 5. Nf3 Nc6 6. O-O e6 7. Qe1 g6 8. f5
Bg7 9. Bg5 Qb6 10. Nbd2 O-O 11. Nc4 Qc7 12. Qh4 Nd7 13. fxe6 fxe6 14. Bh6 Bxh6
15. Qxh6 Nf6 16. Ng5 Qg7 17. Qxg7+ Kxg7 18. Nxd6 h6 19. Nxc8 hxg5 20. Nd6 b6
21. Rae1 Ne5 22. Nb5 Nxd3 23. cxd3 e5 1-0

[Event "2011-Erandio"]
[Site "Erandio"]
[Date "2011.12.17"]
[Round "2.9"]
[White "Sanabria Alvaro, Oscar"]
[Black "Garrido Legarreta, Jose Javier"]
[Result "1/2-1/2"]
[WhiteElo "1824"]
[BlackElo "2060"]
[PlyCount "77"]
[EventDate "2011.12.17"]

1. d4 Nf6 2. Bf4 g6 3. Nc3 Bg7 4. Qd2 h6 5. e4 d6 6. f3 c6 7. Bc4 b5 8. Bb3
Nbd7 9. Nge2 e5 10. dxe5 dxe5 11. Be3 a5 12. a4 b4 13. Nd1 Qe7 14. Bc4 Nc5 15.
Nf2 Be6 16. Bxe6 Nxe6 17. O-O h5 18. Rfd1 Rd8 19. Qe1 O-O 20. Rxd8 Rxd8 21. Rd1
Nd7 22. b3 Bf8 23. Nc1 Qf6 24. Ncd3 Ndc5 25. Nb2 Bd6 26. Nc4 Bc7 27. Rxd8+ Qxd8
28. Qd1 Qxd1+ 29. Nxd1 f6 30. Nf2 Kf7 31. Kf1 Nd4 32. Bxd4 exd4 33. h3 Nb7 34.
Nd3 Ke6 35. Ke2 f5 36. e5 g5 37. f4 g4 38. h4 Kd5 39. g3 1/2-1/2

[Event "2011-Erandio"]
[Site "Erandio"]
[Date "2011.12.17"]
[Round "2.10"]
[White "Acedo Alonso, Javier"]
[Black "Perez Fernandez, Modesto"]
[Result "1/2-1/2"]
[WhiteElo "1806"]
[BlackElo "2048"]
[PlyCount "102"]
[EventDate "2011.12.17"]

1. d4 d5 2. c4 c6 3. Nf3 Nf6 4. Qc2 e6 5. g3 Be7 6. Bg2 O-O 7. O-O Nbd7 8. Bf4
Re8 9. Nc3 Nf8 10. b3 Ng6 11. Bd2 Bd6 12. Rfd1 Qe7 13. e4 dxe4 14. Nxe4 Nxe4
15. Qxe4 c5 16. Re1 cxd4 17. Nxd4 a6 18. Bc3 Rb8 19. Rad1 Bb4 20. Qc2 e5 21.
Bxb4 Qxb4 22. Nf5 Bxf5 23. Qxf5 b5 24. Bd5 Rf8 25. h4 Ne7 26. Qxe5 Nxd5 27.
cxd5 Rbd8 28. Qc7 Rxd5 29. Kf1 Rxd1 30. Rxd1 Qe4 31. Kg1 Qe2 32. Rd8 Qe1+ 33.
Kg2 Qe4+ 34. Kh2 Qb4 35. Qc8 Rxd8 36. Qxd8+ Qf8 37. Qb6 Qc8 38. Kg1 h6 39. Kg2
Kh7 40. h5 Qa8+ 41. Kh2 Qc8 42. Kg2 Qa8+ 43. Kg1 Qc8 44. Qa7 Qe6 45. Qb7 g6 46.
hxg6+ Kxg6 47. Kg2 f6 48. Kh2 Qe2 49. Qxa6 Qxf2+ 50. Kh3 Qf1+ 51. Kh2 Qf2+
1/2-1/2

[Event "2011-Erandio"]
[Site "Erandio"]
[Date "2011.12.18"]
[Round "3.1"]
[White "Prieto Aranguren, Alain"]
[Black "Diez Fraile, David"]
[Result "1/2-1/2"]
[WhiteElo "2234"]
[BlackElo "2184"]
[PlyCount "79"]
[EventDate "2011.12.17"]

1. d4 Nf6 2. c4 c5 3. d5 e6 4. Nc3 exd5 5. cxd5 d6 6. e4 g6 7. f4 Bg7 8. Bb5+
Nfd7 9. a4 O-O 10. Nf3 Na6 11. O-O Nc7 12. Bd3 a6 13. Be3 Nf6 14. h3 Re8 15.
Bf2 Nh5 16. Bh4 Bf6 17. Bg5 Bd7 18. a5 Nb5 19. Ne2 Bxg5 20. fxg5 Nd4 21. Nfxd4
cxd4 22. Qd2 Re5 23. Nxd4 Rxg5 24. Nf3 Rg3 25. Kh2 Qe7 26. Rac1 Bb5 27. Bxb5
axb5 28. Qd4 Nf4 29. Rf2 Rxf3 30. gxf3 Qh4 31. Kh1 Qxh3+ 32. Kg1 Qg3+ 33. Kf1
Nh3 34. Rfc2 Qxf3+ 35. Ke1 Qg3+ 36. Kd2 Re8 37. Rc8 Qg2+ 38. Ke1 Qh1+ 39. Kd2
Qg2+ 40. Ke1 1/2-1/2

[Event "2011-Erandio"]
[Site "Erandio"]
[Date "2011.12.18"]
[Round "3.2"]
[White "Arias Garcia, Luis Javier"]
[Black "Trigo Urquijo, Sergio"]
[Result "1/2-1/2"]
[WhiteElo "2167"]
[BlackElo "2230"]
[PlyCount "91"]
[EventDate "2011.12.17"]

1. Nf3 Nf6 2. c4 g6 3. Nc3 Bg7 4. d4 O-O 5. g3 d6 6. Bg2 Nc6 7. O-O a6 8. d5
Na5 9. Nd2 c5 10. Qc2 Bf5 11. e4 Bd7 12. Rb1 b5 13. b3 Rb8 14. Bb2 Bh6 15. f4
Bg7 16. h3 bxc4 17. bxc4 e6 18. dxe6 fxe6 19. Qd3 Qc7 20. Nf3 Nh5 21. Kh2 Nc6
22. Ba1 Nd4 23. Rbe1 Bc6 24. Ng5 Qe7 25. Nd5 Qd7 26. Ne3 Nf6 27. Nc2 e5 28.
Bxd4 cxd4 29. f5 Qe7 30. Ne6 Nd7 31. Nxf8 Bxf8 32. fxg6 hxg6 33. c5 Nxc5 34.
Qc4+ Kg7 35. Rf2 Bb5 36. Qd5 Nd3 37. Ref1 Nxf2 38. Rxf2 Rc8 39. Nb4 Bc4 40. Qa5
Qc7 41. Qa4 a5 42. Nd5 Bxd5 43. exd5 Be7 44. h4 Rf8 45. Rd2 Bd8 46. Qb5 1/2-1/2

[Event "2011-Erandio"]
[Site "Erandio"]
[Date "2011.12.18"]
[Round "3.3"]
[White "Limeres Guiance, Cristobal"]
[Black "Wu Martin, Eneko"]
[Result "1/2-1/2"]
[WhiteElo "2225"]
[BlackElo "2104"]
[PlyCount "81"]
[EventDate "2011.12.17"]

1. d4 Nf6 2. c4 e6 3. Nc3 Bb4 4. e3 Bxc3+ 5. bxc3 Nc6 6. c5 O-O 7. Nf3 b6 8.
Ba3 Re8 9. Be2 Bb7 10. O-O Ne7 11. c4 Ne4 12. Qc2 Ng6 13. Bd3 f5 14. Nd2 Nxd2
15. Qxd2 Nh4 16. f3 Qg5 17. Qe2 Nxg2 18. Kf2 Nh4 19. Rg1 Qh5 20. Rg3 Nxf3 21.
Rxf3 Qxh2+ 22. Ke1 Qxe2+ 23. Bxe2 Bxf3 24. Bxf3 Rab8 25. c6 d6 26. Kf2 Kf7 27.
Bb4 Rh8 28. a4 a5 29. Bc3 h5 30. Rg1 Kf6 31. e4 g5 32. exf5 Kxf5 33. Ke3 g4 34.
Be2 Rhf8 35. c5 bxc5 36. dxc5 Ra8 37. cxd6 cxd6 38. Bd4 e5 39. Bb6 Ke6 40. c7
d5 41. Kd2 1/2-1/2

[Event "2011-Erandio"]
[Site "Erandio"]
[Date "2011.12.18"]
[Round "3.5"]
[White "Barrio Ugidos, Ainhoa"]
[Black "Sanabria Alvaro, Oscar"]
[Result "1/2-1/2"]
[WhiteElo "1679"]
[BlackElo "1824"]
[PlyCount "44"]
[EventDate "2011.12.17"]

1. e4 d5 2. exd5 Qxd5 3. Nc3 Qd6 4. d4 Nf6 5. Nf3 a6 6. a4 Bg4 7. h3 Bh5 8. Bg5
Nbd7 9. g4 Bg6 10. Qd2 e5 11. O-O-O e4 12. Bf4 Qb6 13. Ne5 O-O-O 14. Nc4 Qa7
15. g5 Ne8 16. Bg2 f5 17. gxf6 Ndxf6 18. f3 exf3 19. Bxf3 Nd6 20. Ne5 Be4 21.
Nxe4 Ndxe4 22. Qh2 Rxd4 1/2-1/2

[Event "2011-Erandio"]
[Site "Erandio"]
[Date "2011.12.18"]
[Round "3.6"]
[White "Robledinos Sanchez, Jorge"]
[Black "Acedo Alonso, Javier"]
[Result "0-1"]
[WhiteElo "1553"]
[BlackElo "1806"]
[PlyCount "70"]
[EventDate "2011.12.17"]

1. e4 e6 2. d4 d5 3. exd5 exd5 4. g3 Nf6 5. Bg2 Bd6 6. Ne2 O-O 7. O-O Bf5 8.
Nbc3 c6 9. Bf4 Be7 10. Be5 Nbd7 11. f4 Ng4 12. Rf3 f6 13. h3 Nh6 14. g4 Be4 15.
Nxe4 dxe4 16. Re3 fxe5 17. fxe5 Nb6 18. b3 Nd5 19. Rxe4 Bg5 20. Qd3 Kh8 21. c4
Nf4 22. Nxf4 Rxf4 23. d5 Qb6+ 24. Kh1 Rd8 25. e6 Rxe4 26. Bxe4 cxd5 27. cxd5
Ng8 28. Bxh7 Ne7 29. Be4 Qd6 30. Qb5 Qe5 31. Re1 Nxd5 32. Qxb7 Nc3 33. Qb4 a5
34. Qc4 Rd2 35. Qc8+ Bd8 0-1

[Event "2011-Erandio"]
[Site "Erandio"]
[Date "2011.12.18"]
[Round "3.7"]
[White "Torres Garcia, Koldo"]
[Black "Cuero Reid, Maximo Javier"]
[Result "1/2-1/2"]
[WhiteElo "2024"]
[BlackElo "1903"]
[PlyCount "36"]
[EventDate "2011.12.17"]

1. e4 e5 2. Nc3 Bb4 3. Nd5 a5 4. c3 Bd6 5. d4 c6 6. Ne3 exd4 7. Nf5 Bf8 8. Nxd4
d5 9. exd5 Qxd5 10. Be3 Nf6 11. Qb3 a4 12. Qc2 Bd6 13. c4 Bb4+ 14. Bd2 Qa5 15.
Ngf3 O-O 16. Be2 Re8 17. O-O Bxd2 18. Nxd2 c5 1/2-1/2

[Event "2011-Erandio"]
[Site "Erandio"]
[Date "2011.12.18"]
[Round "3.8"]
[White "Ruiz Abad, Juan Manuel"]
[Black "Perez Palma, Jesus Maria"]
[Result "1-0"]
[WhiteElo "1876"]
[BlackElo "2010"]
[PlyCount "83"]
[EventDate "2011.12.17"]

1. e4 e6 2. d4 d5 3. Nc3 Nf6 4. e5 Nfd7 5. f4 c5 6. Nf3 Nc6 7. Be3 a6 8. Qd2
cxd4 9. Nxd4 Bc5 10. O-O-O Nxd4 11. Bxd4 Bxd4 12. Qxd4 Qb6 13. Ne2 Qxd4 14.
Nxd4 Nc5 15. Re1 O-O 16. b4 Ne4 17. Bd3 Nf2 18. Rhf1 Nxd3+ 19. cxd3 Bd7 20. Kd2
Rfc8 21. Rc1 Kf8 22. Rxc8+ Rxc8 23. Rc1 Bc6 24. a4 Ke7 25. b5 axb5 26. axb5 Bd7
27. Rxc8 Bxc8 28. b6 Bd7 29. Nb3 Bb5 30. Nc5 Bc6 31. d4 g6 32. Ke3 Kf8 33. Nb3
Bb5 34. Na5 Ba6 35. Kd2 Ke7 36. Kc3 Kd7 37. Kb4 Ke7 38. Nb3 Bf1 39. Nc5 Bxg2
40. Nxb7 Kd7 41. Kc5 Bf1 42. Nd6 1-0

[Event "2011-Erandio"]
[Site "Erandio"]
[Date "2011.12.18"]
[Round "3.9"]
[White "Bergara Ede, Josu"]
[Black "Uria Ramirez, Aitor"]
[Result "1-0"]
[WhiteElo "1797"]
[BlackElo "1995"]
[PlyCount "51"]
[EventDate "2011.12.17"]

1. e4 c5 2. Nf3 d6 3. d4 cxd4 4. Nxd4 Nf6 5. Nc3 a6 6. Bc4 e6 7. Bb3 b5 8. O-O
b4 9. Na4 Bd7 10. Re1 Nc6 11. c3 bxc3 12. Nxc3 Qc7 13. Be3 Na5 14. Ba4 Nc4 15.
Bxd7+ Nxd7 16. b3 Nxe3 17. Rxe3 Be7 18. Rc1 Qb7 19. Nce2 Nc5 20. b4 Qxb4 21.
Nc6 Qb7 22. Nxe7 Qxe7 23. e5 d5 24. Rec3 Nb7 25. Qa4+ Kf8 26. Rc7 1-0

[Event "2011-Erandio"]
[Site "Erandio"]
[Date "2011.12.19"]
[Round "4.2"]
[White "Alvarez Dominguez, Fco  Javier"]
[Black "Galzagorri Uli, Yeray"]
[Result "0-1"]
[WhiteElo "1914"]
[BlackElo "2236"]
[PlyCount "49"]
[EventDate "2011.12.17"]

1. e4 d6 2. d4 Nf6 3. Bd3 g6 4. h3 Bg7 5. Nf3 O-O 6. O-O c5 7. c3 cxd4 8. cxd4
Nc6 9. d5 Nb4 10. Nc3 Nxd3 11. Qxd3 Nd7 12. Be3 Nc5 13. Qd2 Qa5 14. Bd4 Bd7 15.
Bxg7 Kxg7 16. Rfe1 f6 17. Nd4 Rfc8 18. Qe2 Qa6 19. Qd2 Qd3 20. Qxd3 Nxd3 21.
Re2 Rc4 22. Rd1 Rxd4 23. Red2 Nxf2 24. Rxd4 Nxd1 25. Nxd1 0-1

[Event "2011-Erandio"]
[Site "Erandio"]
[Date "2011.12.19"]
[Round "4.3"]
[White "Acedo Alonso, Javier"]
[Black "Prieto Aranguren, Alain"]
[Result "0-1"]
[WhiteElo "1806"]
[BlackElo "2234"]
[PlyCount "61"]
[EventDate "2011.12.17"]

1. d4 Nf6 2. c4 g6 3. Nc3 Bg7 4. e4 d6 5. f3 O-O 6. Be3 e5 7. Nge2 c6 8. Qd2
Nbd7 9. O-O-O a6 10. g4 h5 11. Rg1 hxg4 12. fxg4 Nb6 13. b3 Nxg4 14. Bg5 Bf6
15. h4 Qe7 16. Bg2 exd4 17. Nxd4 Nd7 18. Rdf1 Qe5 19. Nde2 Bxg5 20. hxg5 Nc5
21. b4 Nd7 22. Bf3 Nh2 23. Rf2 Nxf3 24. Rxf3 Nb6 25. Qe1 Kg7 26. c5 dxc5 27.
bxc5 Nc4 28. Qf2 Be6 29. Nd4 Rad8 30. Nf5+ gxf5 31. exf5 0-1

[Event "2011-Erandio"]
[Site "Erandio"]
[Date "2011.12.19"]
[Round "4.5"]
[White "Garrido Legarreta, Jose Javier"]
[Black "Arias Garcia, Luis Javier"]
[Result "1-0"]
[WhiteElo "2060"]
[BlackElo "2167"]
[PlyCount "115"]
[EventDate "2011.12.17"]

1. d4 f5 2. Bg5 Nf6 3. Bxf6 exf6 4. e3 d5 5. c4 c6 6. cxd5 Qxd5 7. Nc3 Bb4 8.
Nge2 Qf7 9. a3 Bd6 10. g3 Be6 11. Bg2 Nd7 12. d5 cxd5 13. Bxd5 Bxd5 14. Qxd5
Qxd5 15. Nxd5 Rc8 16. Nec3 Nc5 17. O-O-O Be5 18. Kb1 Kf7 19. f4 Bb8 20. b4 Ne6
21. Rd3 h5 22. h4 Rc4 23. Rc1 g5 24. Rdd1 gxh4 25. gxh4 Rg8 26. Rg1 Rg4 27.
Rxg4 fxg4 28. Ne2 Rxc1+ 29. Kxc1 Nf8 30. Ng3 Ng6 31. Nxh5 Nxh4 32. Kd1 f5 33.
Ke2 Ng6 34. Kd3 Ke6 35. e4 fxe4+ 36. Kxe4 Nh4 37. Ne3 Kd6 38. Nxg4 Kc6 39. a4
a5 40. Ne5+ Bxe5 41. b5+ Kc5 42. fxe5 Ng6 43. e6 Kc4 44. Nf4 Ne7 45. Ke5 Kb3
46. Nd5 Nc8 47. Nb6 Nxb6 48. e7 Kxa4 49. e8=Q Kb4 50. Kd6 a4 51. Kc7 Nc4 52. b6
a3 53. Qe1+ Ka4 54. Qc3 Na5 55. Qd4+ Kb3 56. Qd5+ Kb4 57. Qa2 Ka4 58. Qb1 1-0

[Event "2011-Erandio"]
[Site "Erandio"]
[Date "2011.12.20"]
[Round "5.1"]
[White "Galzagorri Uli, Yeray"]
[Black "Trigo Urquijo, Sergio"]
[Result "1-0"]
[WhiteElo "2236"]
[BlackElo "2230"]
[PlyCount "89"]
[EventDate "2011.12.17"]

1. Nf3 Nf6 2. c4 g6 3. Nc3 Bg7 4. e4 d6 5. d4 O-O 6. Be2 e5 7. d5 a5 8. Bg5 h6
9. Bh4 Na6 10. Nd2 Bd7 11. O-O Qe8 12. b3 Nh7 13. a3 f5 14. f3 Bf6 15. Bf2 Qe7
16. b4 axb4 17. axb4 Bg5 18. Rb1 b6 19. Qc2 h5 20. Rfd1 h4 21. Qb2 h3 22. g3
Bxd2 23. Qxd2 Nf6 24. exf5 gxf5 25. Qh6 Kf7 26. Qd2 Kg8 27. Rb2 Nb8 28. c5 bxc5
29. bxc5 dxc5 30. Qg5+ Qg7 31. Qxg7+ Kxg7 32. Bxc5 Rd8 33. Rb7 Ne8 34. Rdb1 Na6
35. Be7 Rdc8 36. f4 Kf7 37. Ba3 exf4 38. gxf4 Nb8 39. R1b3 Nd6 40. Bxd6 cxd6
41. Nb5 Ke7 42. Rxh3 Rg8+ 43. Kf2 Kd8 44. Nxd6 Na6 45. Ra3 1-0

[Event "2011-Erandio"]
[Site "Erandio"]
[Date "2011.12.20"]
[Round "5.2"]
[White "Prieto Aranguren, Alain"]
[Black "Bergara Ede, Josu"]
[Result "1/2-1/2"]
[WhiteElo "2234"]
[BlackElo "1797"]
[PlyCount "74"]
[EventDate "2011.12.17"]

1. d4 Nf6 2. c4 g6 3. Nf3 Bg7 4. Nc3 d5 5. Qb3 dxc4 6. Qxc4 O-O 7. e4 Bg4 8.
Be3 Nfd7 9. Rd1 Nc6 10. Qb3 Nb6 11. d5 Ne5 12. Be2 Nxf3+ 13. gxf3 Bh5 14. f4
Bxe2 15. Nxe2 Qd7 16. h4 Qa4 17. Qxa4 Nxa4 18. b3 Nc3 19. Nxc3 Bxc3+ 20. Ke2 f5
21. Rc1 Ba5 22. e5 Rfd8 23. Rhd1 Rac8 24. Rc4 c6 25. dxc6 Rxc6 26. Rxc6 Rxd1
27. Kxd1 bxc6 28. Bxa7 e6 29. Bc5 Kf7 30. f3 Ke8 31. b4 Bd8 32. Bf2 Kd7 33. Kc2
Kc8 34. Kb3 Kb7 35. Kc4 Be7 36. b5 cxb5+ 37. Kxb5 Kc7 1/2-1/2

[Event "2011-Erandio"]
[Site "Erandio"]
[Date "2011.12.20"]
[Round "5.3"]
[White "Rodriguez Gonzalez, Alex"]
[Black "Garrido Legarreta, Jose Javier"]
[Result "1/2-1/2"]
[WhiteElo "2047"]
[BlackElo "2060"]
[PlyCount "76"]
[EventDate "2011.12.17"]

1. e4 c5 2. Nc3 Nc6 3. Bb5 Nd4 4. Bc4 e6 5. Nf3 Ne7 6. Nxd4 cxd4 7. Ne2 Nc6 8.
d3 Be7 9. O-O O-O 10. c3 d5 11. exd5 exd5 12. Bb3 dxc3 13. bxc3 d4 14. c4 Bf5
15. Nf4 Bg5 16. Nd5 Bxc1 17. Rxc1 Ne5 18. Qh5 g6 19. Qh6 Nc6 20. Qf4 Kg7 21.
Rcd1 f6 22. Rfe1 Qa5 23. g4 Bd7 24. h4 h6 25. Nc7 Rac8 26. Nb5 Rfe8 27. Re4
Rxe4 28. dxe4 g5 29. Qg3 Ne5 30. hxg5 hxg5 31. Nxd4 Bxg4 32. f3 Bd7 33. f4 Nf7
34. Nf3 Qc5+ 35. Qf2 Qxf2+ 36. Kxf2 Bc6 37. Nd4 Bd7 38. Nf3 Bc6 1/2-1/2